000 01080nam2a22002771 4500
001 rc\4445129
005 20130416161024.9
021 _aRU
_bРг1791-66
035 _a(NLR Aleph) 008317774
090 _a8737725
_c8737725
100 _a20130416d1966 |||y0rusy50 ca
101 0 _arus
102 _aRU
105 _aa z |||||
200 1 _aСтруктура, свойства и применение чугуна и стали
_f[Сост. Л.В. Кобликова, А.В. Шмелева]
205 _a3-е изд., перераб.
210 _d1966
215 _a30 с.
_cил.
461 0 _1001rc\4445106
_12001#$aИнструкция к реферативным перфокартотекам по металлургии$f[Сост. Всесоюз. ин-том науч. и техн. информации]. Картотека 1-$vКартотека 30
702 1 _aКобликова
_bЛ. В.
_4220
702 1 _aШмелева
_bА. В.
_4220
801 0 _aRU
_bNLR
_gpsbo
801 1 _aRU
_bELAR
_2rusmarc
852 _aNLR
_jБ 8400/И-724
942 _cBOOK
980 _aNB